[Event "8. Kurz-Open Buchen im Odenwal"]
[Site "8. Kurz-Open Buchen im Odenwal"]
[Date "2019.09.08"]
[Round "5.10"]
[White "Hefner, Felix"]
[Black "Ensslinger, Colin"]
[Result "1-0"]
[WhiteElo "2036"]
[BlackElo "1666"]
[PlyCount "137"]
[EventDate "2019.09.06"]

{[%evp 0,99,14,21,22,-11,23,20,20,16,11,18,58,18,-2,-22,-9,-36,14,23,24,19,19,
22,7,-1,1,14,8,8,11,15,18,12,11,11,18,17,27,26,34,-22,-25,-51,46,-91,-91,-136,
-180,-284,-294,-301,-300,-341,-107,-103,-59,-656,0,-92,0,0,28,18,0,-57,-38,-37,
-36,-54,-48,-49,55,79,96,62,86,95,74,98,115,126,129,-405,129,126,134,139,141,
144,167,167,167,174,164,124,129,129,217,217,255,204]} 1. d4 Nf6 2. c4 e5 3.
dxe5 Ng4 4. Nf3 Nc6 5. Bf4 f6 6. e6 Bb4+ 7. Nbd2 dxe6 8. h3 Bxd2+ 9. Bxd2 Nge5
10. Nxe5 Nxe5 11. b3 O-O 12. g3 Bd7 13. Bg2 Bc6 14. O-O Bxg2 15. Kxg2 Qe7 16.
Bc3 Rad8 17. Qc2 Nc6 18. Qe4 e5 19. Rad1 f5 20. Qc2 Nd4 21. Qb2 c5 22. Rd2 f4
23. g4 Nxe2 24. Rxd8 f3+ 25. Kh2 Rxd8 26. Bxe5 Re8 27. Bg3 Nxg3 28. Kxg3 Rf8
29. h4 Qc7+ 30. Kh3 Rf4 31. Qd2 Rd4 32. Qe3 Qd7 33. Qg5 h6 34. Qh5 Qe6 35. Rg1
Kh7 36. Qxc5 Re4 37. a4 b6 38. Qf8 Rd4 39. Qxf3 Qd7 40. Re1 h5 41. Re4 Rd3 42.
Re3 Rd4 43. Qf5+ Qxf5 44. gxf5 Rf4 45. Kg3 Rg4+ 46. Kh3 Rf4 47. f3 Rxf5 48. Kg3
a6 49. Re6 b5 50. cxb5 axb5 51. a5 b4 52. a6 Ra5 53. Kf4 Ra3 54. Re5 Kh6 55.
Rb5 Rxa6 56. Rxb4 Rf6+ 57. Kg3 Rd6 58. Rb5 Kg6 59. Rg5+ Kf6 60. b4 Rb6 61. b5
g6 62. Rc5 Kf7 63. Rc7+ Kf8 64. Rc6 Rxb5 65. Rxg6 Rb7 66. Rg5 Rh7 67. Ra5 Rh6
68. Kf4 Rh7 69. Ra8+ 1-0




[Site "8. Kurz-Open Buchen im Odenwal"]
[Date "2019.09.08"]
[Round "5.11"]
[White "Friesen, Arthur"]
[Black "Mueller, Michael"]
[Result "1-0"]
[WhiteElo "1707"]
[BlackElo "1893"]
[PlyCount "53"]
[EventDate "2019.09.06"]

1. d4 Nf6 2. c4 e6 3. Nf3 Bb4+ 4. Nbd2 a5 5. a3 Be7 6. e4 d6 7. b3 O-O 8. Bd3
Nc6 9. Bb2 e5 10. O-O Bg4 11. Qc2 exd4 12. Nxd4 Ne5 13. Be2 Re8 14. f3 Bd7 15.
Rfd1 Bf8 16. Nf1 Ng6 17. Ne3 Nh5 18. Bf1 Qg5 19. Bc1 Ngf4 20. Nd5 c5 21. Nb5
Bxb5 22. cxb5 Re6 23. Nxf4 Nxf4 24. g3 Rg6 25. Kh1 Qh5 26. Bxf4 Qxf3+ 27. Bg2
1-0

[Event "8. Kurz-Open Buchen im Odenwald 2019"]
[Site "8. Kurz-Open Buchen im Odenwal"]
[Date "2019.09.08"]
[Round "5.13"]
[White "Suliga, Eckhard"]
[Black "Englert, Fred"]
[Result "0-1"]
[WhiteElo "1662"]
[BlackElo "1818"]
[PlyCount "94"]
[EventDate "2019.09.06"]

1. e4 c6 2. d4 d5 3. exd5 cxd5 4. c4 Nf6 5. Nc3 Nc6 6. Nf3 g6 7. cxd5 Nxd5 8.
Qb3 Nxc3 9. bxc3 Bg7 10. Bf4 O-O 11. Be2 Qa5 12. O-O e5 13. Bd2 e4 14. Ng5 Nxd4
15. Qc4 Nxe2+ 16. Qxe2 Bxc3 17. Bxc3 Qxc3 18. Nxe4 Qe5 19. Qf3 Kg7 20. Qc3 Re8
21. Qxe5+ Rxe5 22. Rfe1 Be6 23. a3 Rd8 24. Rac1 Rd4 25. Nc5 Rxe1+ 26. Rxe1 Bd5
27. f3 Rc4 28. Nd7 Ra4 29. Re3 Rd4 30. Nc5 Rd1+ 31. Kf2 Rd2+ 32. Kg3 h5 33. h4
Rc2 34. Nd7 Be6 35. Ne5 Rb2 36. Rc3 Rb3 37. Rxb3 Bxb3 38. Kf4 Bd5 39. Ke3 f6
40. Nd3 Kf7 41. g3 g5 42. hxg5 fxg5 43. Kf2 b5 44. Kg1 Ke6 45. f4 Bc4 46. Ne5
gxf4 47. gxf4 Kf5 0-1

[Event "8. Kurz-Open Buchen im Odenwald 2019"]
[Site "8. Kurz-Open Buchen im Odenwal"]
[Date "2019.09.08"]
[Round "5.14"]
[White "Wolff, Sidney Robert"]
[Black "Eisenbeiser, Karlheinz"]
[Result "1-0"]
[WhiteElo "1722"]
[BlackElo "1931"]
[PlyCount "53"]
[EventDate "2019.09.06"]

1. f4 d5 2. e3 c5 3. Nf3 Nc6 4. b3 Bg4 5. Bb5 e6 6. Bb2 Nge7 7. O-O a6 8. Be2
Bxf3 9. Bxf3 d4 10. e4 g6 11. d3 Bg7 12. Nd2 O-O 13. Qe1 e5 14. f5 f6 15. g4
Bh6 16. a3 Bxd2 17. Qxd2 g5 18. Kf2 Kg7 19. Rh1 h6 20. h4 b5 21. Rh3 Ng8 22.
Rah1 Qb6 23. hxg5 fxg5 24. Rxh6 Nxh6 25. Qxg5+ Kf7 26. Qg6+ Ke7 27. Rxh6 1-0


[Site "8. Kurz-Open Buchen im Odenwal"]
[Date "2019.09.08"]
[Round "5.15"]
[White "Goette, Johannes"]
[Black "Stierle, Martin"]
[Result "0-1"]
[BlackElo "1835"]
[PlyCount "26"]
[EventDate "2019.09.06"]

1. e4 e6 2. d4 d5 3. Nd2 Nf6 4. e5 Nfd7 5. Bd3 c5 6. c3 Nc6 7. Ne2 cxd4 8. cxd4
f6 9. f4 Qb6 10. Nf3 Bb4+ 11. Kf2 fxe5 12. fxe5 Ndxe5 13. Be3 Ng4+ 0-1

[Event "8. Kurz-Open Buchen im Odenwald 2019"]
[Site "8. Kurz-Open Buchen im Odenwal"]
[Date "2019.09.08"]
[Round "5.16"]
[White "Kail, Oliver"]
[Black "Kamm, Guenter"]
[Result "1-0"]
[WhiteElo "1400"]
[BlackElo "1869"]
[PlyCount "27"]
[EventDate "2019.09.06"]

1. e4 c5 2. Nf3 Nc6 3. Nc3 g6 4. d4 cxd4 5. Nxd4 Bg7 6. Be3 Nf6 7. Bb5 Ng4 8.
Nxc6 dxc6 9. Qxd8+ Kxd8 10. Bc4 Nxe3 11. fxe3 e6 12. Rf1 Ke7 13. O-O-O Bd7 14.
Rxd7+ 1-0

[Event "8. Kurz-Open Buchen im Odenwald 2019"]
[Site "8. Kurz-Open Buchen im Odenwal"]
[Date "2019.09.08"]
[Round "5.17"]
[White "Wolff, Calvin"]
[Black "Trunk, Mika"]
[Result "0-1"]
[WhiteElo "1136"]
[BlackElo "1615"]
[PlyCount "82"]
[EventDate "2019.09.06"]

1. e4 c5 2. Nc3 Nc6 3. f4 e6 4. Bc4 a6 5. a3 d6 6. Nf3 Nf6 7. d3 Be7 8. O-O Rb8
9. Re1 b5 10. Ba2 d5 11. e5 Nd7 12. Ng5 Bxg5 13. fxg5 b4 14. axb4 cxb4 15. Ne2
Ndxe5 16. Bf4 Ra8 17. Bb3 Ng6 18. Ba4 Qb6+ 19. Kh1 Nxf4 20. Nxf4 O-O 21. Qh5
Qc7 22. Rf1 Ne7 23. Rf3 e5 24. Nh3 Bf5 25. Raf1 Bg6 26. Qh4 d4 27. Bb3 Qd7 28.
Qf2 Nd5 29. Bxd5 Qxd5 30. Qd2 a5 31. b3 Rac8 32. R1f2 Rc7 33. Qc1 Qxb3 34. cxb3
Rxc1+ 35. Rf1 Rxf1+ 36. Rxf1 Bxd3 37. Re1 f6 38. Nf2 Bc2 39. gxf6 gxf6 40. Ra1
e4 41. Rxa5 e3 0-1


[Site "8. Kurz-Open Buchen im Odenwal"]
[Date "2019.09.08"]
[Round "5.18"]
[White "Kozlowski, Stephan"]
[Black "Kail, Thomas"]
[Result "1-0"]
[BlackElo "1528"]
[PlyCount "53"]
[EventDate "2019.09.06"]

1. d4 d5 2. g3 e6 3. Bg2 Nf6 4. Nf3 Nbd7 5. O-O c5 6. e3 b6 7. Bd2 Ne4 8. a3
Nxd2 9. Nbxd2 Bd6 10. Re1 O-O 11. e4 dxe4 12. Nxe4 Be7 13. dxc5 Nxc5 14. Nxc5
Bxc5 15. Ne5 Qxd1 16. Raxd1 Rb8 17. Nc6 Rb7 18. b4 Be7 19. Rd2 Rc7 20. Nxe7+
Rxe7 21. Red1 Rc7 22. b5 f6 23. Bc6 Kf7 24. Rd3 Ke7 25. c4 Bb7 26. Rd7+ Rxd7
27. Rxd7+ 1-0

[Event "8. Kurz-Open Buchen im Odenwald 2019"]
[Site "8. Kurz-Open Buchen im Odenwal"]
[Date "2019.09.08"]
[Round "5.19"]
[White "Marocsik, Ferenc"]
[Black "Kolb, Klaus"]
[Result "0-1"]
[WhiteElo "1606"]
[BlackElo "1308"]
[PlyCount "44"]
[EventDate "2019.09.06"]

1. e4 e5 2. Nf3 d6 3. Nc3 Bg4 4. Bc4 Nf6 5. h3 Bh5 6. Be2 Be7 7. d4 Nbd7 8.
dxe5 dxe5 9. O-O O-O 10. Bg5 Re8 11. Qd2 c6 12. Rad1 Qc7 13. g4 Bg6 14. Bd3
Rad8 15. Nh4 Nf8 16. Nxg6 Nxg6 17. Qe2 h6 18. Be3 Nh7 19. f3 Bg5 20. Kf2 Qe7
21. Bxa7 Nf4 22. Qe3 Nxh3+ 0-1